Sports Quiz

Random Sports or Basketball Quiz
Score 0/36 Timer 08:00
1 Play Today
Year Player % Correct
2016LeBron James
97.6%
2019Kawhi Leonard
96.3%
2013Dwyane Wade
85.4%
2017J.R. Smith
85%
2000Kobe Bryant
83.3%
1998Michael Jordan
80.6%
1992Michael Jordan
80.6%
1991Michael Jordan
80.6%
1984Larry Bird
71.1%
1995Hakeem Olajuwon
67.3%
1999Avery Johnson
65%
1990Vinnie Johnson
65%
1985Dennis Johnson
65%
1988A.C. Green
63.9%
1989Isiah Thomas
62.9%
2009Derek Fisher
61.9%
2004Derek Fisher
61.9%
2005Manu Ginóbili
60.2%
Year Player % Correct
2003Manu Ginóbili
60.2%
2015Andre Iguodala
57.5%
2011Mario Chalmers
57.1%
1993John Paxson
44.2%
1997Toni Kukoč
43.9%
2001Rick Fox
32.7%
1996Detlef Schrempf
30.3%
1994Vernon Maxwell
27.2%
2006Josh Howard
24.8%
2008Luke Walton
24.1%
2007Damon Jones
23.5%
2010Sasha Vujačić
18.7%
2002Lucious Harris
11.6%
2018Ante Žižić
6.8%
2014Toney Douglas
4.4%
2012Lazar Hayward
3.7%
1986Craig Ehlo
3.1%
1987Darren Daye
1.7%
Remove Ads.
Support Sporcle.
Get the best of Sporcle when you Go Orange. This ad-free experience offers more features, more stats, and more fun while also helping to support Sporcle. Thank you for becoming a member.

You're not logged in!

Compare scores with friends on all Sporcle quizzes.
OR
Log In

Sporcle TV

Today on Sporcle TV


Watch our educational content, quiz creation guides, and fun videos on Sporcle TV.

Show Comments

Extras

Top Quizzes Today


Score Distribution

Paid Content

Your Account Isn't Verified!

In order to create a playlist on Sporcle, you need to verify the email address you used during registration. Go to your Sporcle Settings to finish the process.

Report this User

Report this user for behavior that violates our Community Guidelines.

Details: